Personagens Interpretados por Players de Ordem Paranormal - Statistics

Estatísticas Gerais
  • Esse quiz foi jogado 374 vezes
    81 desde o último reset
  • A pontuação média é 46 de 78
Estatísticas das Respostas
Primeira Aparição Intérprete Resposta % Correto
Iniciação Bagi Elizabeth Webber
98%
Iniciação Rakin Thiago Fritz
95%
O Segredo Na Floresta Guaxinim Arthur Cervero
93%
O Segredo Na Floresta Calango Cesar Oliveira Cohen (Kaiser)
93%
Iniciação Luba Daniel Hartmann
93%
O Segredo Na Floresta Luba Joui Jouki
93%
O Segredo Na Floresta LJoga Cristopher Cohen
88%
Desconjuração Rakin Dante
88%
Iniciação LJoga Alexsander Kothe
86%
Hexatombe Bagi Jae-Yoon/Maria
86%
Desconjuração Triz Pariz Beatrice Portinari
81%
Calamidade Calango Antônio Pontevedra
79%
Desconjuração Kalera Erin Parker
79%
Calamidade Bastet Henri
79%
Desconjuração LJoga Luciano Carvalho
79%
O Segredo Na Floresta Calango Miguel Cariad
79%
O Segredo Na Ilha Cinemagrath Miguel Castello
79%
Desconjuração João Miranda Gal
77%
Calamidade Bagi Carina Leone
74%
Desconjuração LJoga Fernando Carvalho
74%
O Segredo Na Ilha Bagi Bárbara Lima
72%
Hexatombe Calígrafo Labirinto/Remi
72%
O Segredo Na Floresta Felps O Ajudante
72%
Desconjuração Felps Rubens Naluti
72%
Sinais do Outro Lado Guaxinim Alexandre
70%
Hexatombe Cereaw Jonas Aguiar/Jasper
70%
O Segredo Na Ilha Beamom Amelie Florence
67%
Hexatombe Abelha Dalmo Magno/Tuco Belez
67%
O Segredo Na Ilha Goularte Olivier Florence
67%
Hexatombe Beamom Kemi/Lena
65%
Desconjuração Cellbit Kian
65%
O Segredo Na Ilha Cinemagrath Milo Castello
65%
Calamidade Mount Boris Lukic
63%
Sinais do Outro Lado LJoga Francisco Albuquerque
63%
Calamidade Zero Theodore Bagwell
63%
Calamidade Triz Pariz Artemis Deordelin Rodrigues
60%
Sinais do Outro Lado Carolinga Dara Venturini
60%
Sinais do Outro Lado Felps Guilherme Santos
60%
O Segredo Na Floresta Leo Santi Kenan Thomas
60%
Natal Macabro Felps Ricardo Rocha Rodrigues
60%
Calamidade LJoga Damir Lukic
58%
Calamidade Abelha Dominic Sy Pierre
58%
Natal Macabro Cinemagrath Jorel Lagos/Caçador de Gente
58%
Natal Macabro Guaxinim Leandro
58%
O Segredo Na Floresta Bagi Mariana Larona
58%
Natal Macabro Lorena Orsi Melissa Trovi
58%
O Segredo Na Ilha Rakin Wanderley Nascimento
58%
Calamidade Luba Celestine
53%
Sinais do Outro Lado Gary (Murilo Choquetta) Lírio Tellini
53%
Natal Macabro Guto Barbosa Breno L. Nojard
51%
Natal Macabro Jinki Shanyqua da Silva
51%
Natal Macabro Bela Tiemiau Lila Bonelli
49%
Desconjuração Alanzoka Johnny Tabasco
47%
Natal Macabro T3ddy Lucio Olani
47%
Natal Macabro Brino Mike
47%
Calamidade Rakin Remus
47%
Calamidade Kalera Yuki Saito
47%
Calamidade Felps Amalia
44%
Natal Macabro LJoga Jorge Lagos
44%
Natal Macabro Karen Padrão Agatha Volkomenn
42%
Calamidade Rakin Arnaldo Fritz
42%
Quarentena Bagi Carol
40%
Natal Macabro Carolinga Nathalia Scompa
40%
Natal Macabro Maethe Ayla Valença
37%
Calamidade Guaxinim Marius
37%
Calamidade Bagi Gaius
35%
Calamidade Calango Faustus
33%
Hexatombe Guilherme Lopes Harpia
33%
Hexatombe João Victor Granja Pomba
30%
Quarentena Pac Diego Thalles
26%
O Segredo Na Floresta Kalera Eva van Gloss
26%
Quarentena Baghera Jones Lucie Pocharde
26%
Quarentena Quackity Benito Camelo
23%
Quarentena Roier Luis M. Kennedy
23%
Natal Macabro Bastet Policial de Inquisidor do Vale
21%
Desconjuração Bastet Salazar Lourenço
21%
Quarentena Rakin Controlador aéreo
12%
Quarentena Foolish Jeffrey Bacon
12%
Nenhum quiz correspondente encontrado
Distribuição das Pontuações
Porcentagem de Pessoas com Cada Pontuação
Percentil de Números Respondidos
Sua Pontuação Histórica
Você não jogou esse quiz desde o último reset